000 00416nam a2200169Ia 4500
001 8388
003 IN-NITTTR
005 20251114233037.0
008 251113s9999||||xx |||||||||||||| ||eng||
040 _beng
040 _cIN-NITTTR
041 _aeng
082 _a658.403 H365Q
100 _aHein, Leonard W.
245 4 _aThe quantitative approach to managerial decisions /
_cHein, Leonard W.
942 _2ddc
_cBK
999 _c11026
_d11026